000 00288nam a2200109Ia 4500
008 200302s9999 xx 000 0 und d
100 _aRob Gregory
245 _aKey Contemporary Buildings Plans, Sections & Elevations
260 _bLaurence King Publishing
260 _c2008
300 _a240
999 _c3385
_d3385